000 00837nas a2200253 4500
001 BR2012002783
003 BR-BrBNA
005 20231205120442.0
007 ta
008 230509b bl.|||p| |||| 00| 00por d
040 _aBR-BrBNA
_bpor
_cBiblioteca Nacional de Agricultura
041 _a(Pt)
072 _aA50; E50; D50
100 1 _aGoldman, B.
245 1 _aInformações sobre o anteprojeto de lei referente as classes de apoio às atividades de pesquisa científica e tecnológica
650 _aINSTITUIÇÃO DE PESQUISA
650 _aRECURSO HUMANO
650 _aLEGISLAÇÃO
650 _aPESQUISADOR
650 _aTECNOLOGIA DA INFORMAÇÃO
773 0 _tO Biológico (Brazil)
_xISSN 0366-0567
_g(Jul-Dec 1999), v. 61(2) p. 189-190
_wBR2012002783
909 _a202311
_bLúcia
_c55
_dLúcia Elande
942 _2AGRIS
_n0
_cANA
999 _c218576
_d218576